Pojišťovny, plánování a DPH pojišťovny zaplatí v EU na DPH více než na jakékoli jiné dani

Od 1.10.2003 obsahuje zákon o dani z pridanej hodnoty (DPH, ČR) zmenenú definíciu poisťovacích činností oslobodených od DPH, bez nároku na odpočet DPH zaplatenej v rámci prevádzkových nákladov. DPH v rámci Európskej únie - najväčšie daňové zaťaženie v poisťovacom a finančnom sektore - býva skrytá v...

ver descrição completa

Na minha lista:
Detalhes bibliográficos
Autor principal: Oomen, Frans
Outros Autores: Šilhavá, Michaela
Formato: Capítulo de Livro
Idioma:tcheco
Assuntos:
Tags: Adicionar Tag
Sem tags, seja o primeiro a adicionar uma tag!

MARC

LEADER 00000naa$a2200000$$$4500
001 0007732
005 20231004073422.3
041 0 |a cze 
044 |a CZ 
245 1 0 |a Pojišťovny, plánování a DPH  |b pojišťovny zaplatí v EU na DPH více než na jakékoli jiné dani  |c aut. Frans Oomen, Michaela Šilhavá 
520 |a Od 1.10.2003 obsahuje zákon o dani z pridanej hodnoty (DPH, ČR) zmenenú definíciu poisťovacích činností oslobodených od DPH, bez nároku na odpočet DPH zaplatenej v rámci prevádzkových nákladov. DPH v rámci Európskej únie - najväčšie daňové zaťaženie v poisťovacom a finančnom sektore - býva skrytá v prevádzkových nákladoch. Prístupy k plánovaniu v oblasti DPH. Optimalizácia nároku na odpočet DPH. Znižovanie nákladov. 
610 2 0 |a poisťovne 
610 2 0 |a dane z hodnoty pridanej 
610 2 0 |a plánovanie 
610 2 0 |a odpočet dane 
610 2 0 |a náklady prevádzkové 
610 2 0 |a Európska únia 
100 1 |a Oomen, Frans 
700 1 |a Šilhavá, Michaela